Registros en inglés base de datos CIDCACS

Enregistré dans:
Détails bibliographiques
Collectivité auteur: Universidad de Costa Rica. Instituto de Investigaciones Sociales. CIDCACS
Format: Texte
Publié: San José: IIS
Tags: Ajouter un tag
Pas de tags, Soyez le premier à ajouter un tag!

MARC

LEADER 00000 a a2200000 04500
001 22533
003
040
090 |a 154000  
110 |a Universidad de Costa Rica. Instituto de Investigaciones Sociales. CIDCACS  
245 |a Registros en inglés base de datos CIDCACS  
260 |a San José:   |b IIS  
300 |a 105 p.  
999 |c 4560  |d 4560